[Event "13. Sparkassen Open 2014 - Gruppe B"]
[Site "Forchheim"]
[Date "2014.10.05"]
[Round "5.1"]
[White "Menrad, Andreas"]
[Black "Corral, Carlos"]
[Result "1/2-1/2"]
[WhiteElo "1974"]
[BlackElo "1990"]
[PlyCount "72"]
[EventDate "2014.??.??"]

1. e4 c5 2. Nc3 Nc6 3. f4 g6 4. Nf3 Bg7 5. Bb5 Nd4 6. O-O e6 7. Bc4 Ne7 8. d3
O-O 9. e5 d5 10. exd6 Nxf3+ 11. Qxf3 Nf5 12. Ne4 Nxd6 13. Nxd6 Qxd6 14. c3 Rb8
15. Be3 b5 16. Bb3 Bb7 17. Qf2 Rbc8 18. Bd1 Rfd8 19. Be2 a5 20. a3 Ba8 21. Rad1
Rd7 22. d4 c4 23. Bf3 Bxf3 24. Qxf3 b4 25. axb4 axb4 26. Ra1 Qd5 27. Kf2 Rb8
28. Qxd5 Rxd5 29. Ra2 bxc3 30. bxc3 Rb3 31. Rc1 Rd8 32. Rcc2 Kf8 33. Ra4 Rc8
34. Bc1 Ke8 35. Ba3 Bf8 36. Bxf8 Kxf8 1/2-1/2

[Event "13. Sparkassen Open 2014 - Gruppe B"]
[Site "Forchheim"]
[Date "2014.10.05"]
[Round "5.3"]
[White "Pikal, Alexander"]
[Black "Heilmann, Karl Ludwig"]
[Result "1-0"]
[WhiteElo "1924"]
[BlackElo "1640"]
[PlyCount "71"]
[EventDate "2014.??.??"]

1. f4 d5 2. Nf3 c5 3. e3 Nc6 4. Bb5 Bd7 5. b3 a6 6. Bxc6 Bxc6 7. Bb2 e6 8. O-O
Nf6 9. Ne5 Qc7 10. d3 Be7 11. a4 O-O 12. a5 Nd7 13. Nxd7 Bxd7 14. Nd2 f5 15.
Be5 Bd6 16. Nf3 Be8 17. Qd2 Bh5 18. Bxd6 Qxd6 19. Ne5 Rad8 20. d4 Rf6 21. Rab1
Be8 22. Rfd1 Bb5 23. dxc5 Qxc5 24. c4 Bc6 25. b4 Qe7 26. b5 axb5 27. cxb5 Bd7
28. Rdc1 Rff8 29. Rc7 Qd6 30. Rxb7 Bc8 31. Rb6 Qc7 32. Rc1 Qa7 33. Nc6 Qc7 34.
Nxd8 Qxd8 35. Rb8 Qd7 36. Qc3 1-0

[Event "13. Sparkassen Open 2014 - Gruppe B"]
[Site "Forchheim"]
[Date "2014.10.05"]
[Round "5.4"]
[White "Gentner, Markus"]
[Black "Simon, Jonathan"]
[Result "1-0"]
[WhiteElo "1988"]
[BlackElo "1925"]
[PlyCount "73"]
[EventDate "2014.??.??"]

1. Nf3 Nf6 2. c4 c5 3. d4 cxd4 4. Nxd4 g6 5. Nc3 Bg7 6. e4 d6 7. h3 O-O 8. Be3
Nc6 9. Be2 Bd7 10. O-O Nxd4 11. Bxd4 Bc6 12. Qd3 e6 13. Rfd1 Qe7 14. Be3 Rfd8
15. Bg5 h6 16. Bh4 g5 17. Bg3 d5 18. e5 Ne4 19. Nxe4 dxe4 20. Qe3 Qc7 21. f4
exf3 22. gxf3 f5 23. f4 gxf4 24. Bxf4 Be4 25. Qg3 Kh8 26. Kh2 Rg8 27. Rg1 Qb6
28. Qh4 Qxb2 29. Raf1 Kh7 30. Qh5 Bf8 31. Rxg8 Kxg8 32. Rg1+ Bg7 33. Bxh6 Qxe5+
34. Rg3 Bc6 35. Bxg7 Qe4 36. Bh6+ Kh8 37. Bf4# 1-0

[Event "13. Sparkassen Open 2014 - Gruppe B"]
[Site "Forchheim"]
[Date "2014.10.05"]
[Round "5.5"]
[White "Kölbl, Jonathan"]
[Black "Luther, Helmut"]
[Result "0-1"]
[WhiteElo "1891"]
[BlackElo "1992"]
[PlyCount "74"]
[EventDate "2014.??.??"]

1. e4 d5 2. exd5 Qxd5 3. Nf3 Bg4 4. Be2 Nf6 5. d4 Nc6 6. c4 Qh5 7. O-O O-O-O 8.
h3 e5 9. d5 e4 10. Nd4 Bxe2 11. Nxe2 Ne5 12. Nbc3 Bd6 13. b4 Nxc4 14. Qa4 Kb8
15. Qb5 Nb6 16. Be3 a6 17. Qa5 Nc4 18. Qa4 Nxe3 19. fxe3 Nxd5 20. b5 Nxc3 21.
Nxc3 Qe5 22. Nxe4 axb5 23. Qc2 Qh2+ 24. Kf2 f5 25. Nxd6 Rxd6 26. Rh1 Qe5 27.
Rhd1 Re8 28. Qb3 Rg6 29. Kf1 Qh2 30. Qd5 f4 31. exf4 Qxf4+ 32. Kg1 Qe3+ 33. Kh1
Qe4 34. Qd2 Rd6 35. Qg5 Rg6 36. Qd2 Qe2 37. Qd5 c6 0-1

[Event "13. Sparkassen Open 2014 - Gruppe B"]
[Site "Forchheim"]
[Date "2014.10.05"]
[Round "5.7"]
[White "Wawor, Gerhard"]
[Black "Heiler, Karl"]
[Result "0-1"]
[WhiteElo "1908"]
[BlackElo "1846"]
[PlyCount "98"]
[EventDate "2014.??.??"]

1. c4 Nf6 2. d4 c5 3. Nf3 cxd4 4. Nxd4 g6 5. Nc3 Bg7 6. e4 d6 7. Be2 O-O 8. Be3
Nc6 9. O-O Ne5 10. f3 Bd7 11. Qd2 Rc8 12. b3 Nc6 13. Rac1 Nxd4 14. Bxd4 a6 15.
Rfd1 Qa5 16. Nd5 Qd8 17. Nxf6+ exf6 18. Bf2 Rc6 19. c5 Qc8 20. cxd6 Rd8 21.
Rxc6 Bxc6 22. Bb6 Rd7 23. Qb4 Qe8 24. Bc4 Qe5 25. Qc5 Qxc5+ 26. Bxc5 h5 27. a4
Kf8 28. Kf2 Ke8 29. g3 g5 30. Ke3 Bf8 31. Bf1 Rd8 32. f4 Bd7 33. a5 Rc8 34. b4
Bg4 35. Rd4 Kd7 36. e5 Bg7 37. Bg2 gxf4+ 38. gxf4 fxe5 39. fxe5 Bxe5 40. Rd2
Re8 41. Kf2 Kc8 42. Bf3 Rd8 43. Ke3 Bxf3 44. Kxf3 Kd7 45. Ke4 Ke6 46. d7 f5+
47. Kf3 Rxd7 48. Re2 Rd3+ 49. Kg2 f4 0-1

[Event "13. Sparkassen Open 2014 - Gruppe B"]
[Site "Forchheim"]
[Date "2014.10.05"]
[Round "5.8"]
[White "Schwab, Edgar"]
[Black "Adelhütte, Dennis"]
[Result "0-1"]
[WhiteElo "1930"]
[BlackElo "1965"]
[PlyCount "34"]
[EventDate "2014.??.??"]

1. d4 Nf6 2. c4 g6 3. Nc3 d5 4. cxd5 Nxd5 5. e4 Nxc3 6. bxc3 Bg7 7. Nf3 c5 8.
Be3 Bg4 9. Bb5+ Nd7 10. h3 Bxf3 11. Bxd7+ Qxd7 12. gxf3 Rd8 13. e5 O-O 14. h4
Qc6 15. Rg1 Bxe5 16. Qe2 cxd4 17. cxd4 Qc3+ 0-1

[Event "13. Sparkassen Open 2014 - Gruppe B"]
[Site "Forchheim"]
[Date "2014.10.05"]
[Round "5.9"]
[White "Hummel, Thomas"]
[Black "Adler, Herbert"]
[Result "1-0"]
[WhiteElo "1871"]
[BlackElo "2010"]
[PlyCount "111"]
[EventDate "2014.??.??"]

1. b3 Nf6 2. Bb2 e6 3. Nf3 d5 4. g3 Nbd7 5. Bg2 Bd6 6. d4 b6 7. O-O c5 8. e3
Bb7 9. Nbd2 Qe7 10. Ne5 O-O 11. f4 Rac8 12. Re1 Rc7 13. c4 Rfc8 14. cxd5 exd5
15. Rc1 Re8 16. Bh3 Nf8 17. Bf5 Bc8 18. Bb1 Ne4 19. Nxe4 dxe4 20. Bxe4 Bb7 21.
Bxb7 Rxb7 22. Qf3 Rc7 23. Qg4 Qe6 24. Qf3 Bxe5 25. fxe5 Rd8 26. Red1 Rcd7 27.
Bc3 Ng6 28. h4 Ne7 29. dxc5 bxc5 30. Rxd7 Qxd7 31. Ba5 Qd5 32. Kf2 Rc8 33. Qxd5
Nxd5 34. b4 c4 35. e4 Nb6 36. Bxb6 axb6 37. a4 Kf8 38. Ke3 Ra8 39. Kd4 Rd8+ 40.
Kc3 Ke7 41. Rc2 Rc8 42. Rd2 Ra8 43. Ra2 b5 44. a5 Kd7 45. Rd2+ Kc7 46. Rd5 Rb8
47. g4 h5 48. gxh5 Kc6 49. Rd6+ Kc7 50. h6 gxh6 51. Rxh6 Rd8 52. Rh7 Rd3+ 53.
Kc2 Rb3 54. Rxf7+ Kc8 55. a6 Kb8 56. e6 1-0

[Event "13. Sparkassen Open 2014 - Gruppe B"]
[Site "Forchheim"]
[Date "2014.10.05"]
[Round "5.10"]
[White "Diller, Andreas"]
[Black "Tong, Kevin"]
[Result "1/2-1/2"]
[WhiteElo "1572"]
[BlackElo "1798"]
[PlyCount "29"]
[EventDate "2014.??.??"]

1. e4 c5 2. f4 Nc6 3. Nf3 g6 4. Bb5 Bg7 5. Bxc6 bxc6 6. d3 e6 7. O-O Ne7 8. c4
O-O 9. Nc3 d5 10. Bd2 Ba6 11. b3 Qc7 12. Qc2 Rfd8 13. Rad1 Bf8 14. Ne2 f5 15.
e5 1/2-1/2

[Event "13. Sparkassen Open 2014 - Gruppe B"]
[Site "Forchheim"]
[Date "2014.10.05"]
[Round "5.11"]
[White "Diller, Daniel"]
[Black "Schütz, Robert"]
[Result "0-1"]
[WhiteElo "1872"]
[BlackElo "1743"]
[PlyCount "88"]
[EventDate "2014.??.??"]

1. d4 d5 2. c4 c6 3. Nc3 Nf6 4. Bf4 e6 5. Nf3 dxc4 6. a4 Bb4 7. e3 Nd5 8. Qc2
Nxf4 9. exf4 b5 10. Be2 Bb7 11. O-O a6 12. Rfd1 Nd7 13. Ng5 h6 14. Nge4 O-O 15.
Bf3 Qc7 16. Ne2 Rfd8 17. N4g3 Nf6 18. f5 e5 19. Nh5 Nxh5 20. Bxh5 exd4 21. Nxd4
Bc5 22. Qc3 Qf4 23. Nf3 Qxf5 24. Qe5 Qxe5 25. Nxe5 g6 26. Bf3 Bd4 27. Nxc6 Bxc6
28. Bxc6 Rab8 29. Rd2 Bf6 30. Rxd8+ Bxd8 31. axb5 a5 32. Ra4 Bb6 33. Rxc4 Rd8
34. g3 Rd2 35. Rf4 Kg7 36. Be8 f6 37. b3 Rb2 38. Rf3 g5 39. Bd7 Kf7 40. Bc6
Rb1+ 41. Kg2 Rb2 42. h4 g4 43. Be4 gxf3+ 44. Bxf3 Rxf2+ 0-1

[Event "13. Sparkassen Open 2014 - Gruppe B"]
[Site "Forchheim"]
[Date "2014.10.05"]
[Round "5.12"]
[White "Nehls, Benedikt"]
[Black "Balhar, Michael"]
[Result "1/2-1/2"]
[WhiteElo "2009"]
[BlackElo "1725"]
[PlyCount "33"]
[EventDate "2014.??.??"]

1. Nf3 d5 2. c4 e6 3. d4 Nf6 4. Nc3 dxc4 5. e3 a6 6. Bxc4 b5 7. Bb3 Bb7 8. O-O
c5 9. Qe2 Nbd7 10. Rd1 Qb6 11. Bd2 Be7 12. Rac1 O-O 13. Be1 Rfd8 14. Bc2 Nd5
15. Ne4 cxd4 16. Nxd4 N7f6 17. Ng5 1/2-1/2

[Event "13. Sparkassen Open 2014 - Gruppe B"]
[Site "Forchheim"]
[Date "2014.10.05"]
[Round "5.13"]
[White "Glawe, Ralf"]
[Black "Meulner, Fabian"]
[Result "1-0"]
[WhiteElo "1996"]
[BlackElo "1939"]
[PlyCount "51"]
[EventDate "2014.??.??"]

1. e4 g6 2. d4 Bg7 3. Nc3 c5 4. Nf3 Qa5 5. Be2 Nc6 6. Be3 cxd4 7. Nxd4 Nf6 8.
O-O O-O 9. f4 d6 10. Bf3 Bd7 11. Nb3 Qd8 12. a4 Na5 13. e5 Ne8 14. Nxa5 Qxa5
15. Bxb7 Rb8 16. Bf3 Be6 17. Nd5 Bxd5 18. Qxd5 Qxd5 19. Bxd5 dxe5 20. Bxa7 Rxb2
21. Bb3 exf4 22. Bc5 Nd6 23. Rad1 Nf5 24. Rxf4 Bh6 25. Rf3 Rc8 26. Ba3 1-0

[Event "13. Sparkassen Open 2014 - Gruppe B"]
[Site "Forchheim"]
[Date "2014.10.05"]
[Round "5.14"]
[White "Varga, Vlad Gabriel"]
[Black "Sander, Dirk"]
[Result "1/2-1/2"]
[WhiteElo "1946"]
[BlackElo "1912"]
[PlyCount "39"]
[EventDate "2014.??.??"]

1. e4 c6 2. d4 d5 3. exd5 cxd5 4. c4 Nf6 5. Nc3 Nc6 6. Nf3 Bg4 7. cxd5 Nxd5 8.
Qb3 Bxf3 9. gxf3 e6 10. Qxb7 Nxd4 11. Bb5+ Nxb5 12. Qc6+ Ke7 13. Qxb5 Qd7 14.
Nxd5+ Qxd5 15. Bg5+ f6 16. Qxd5 exd5 17. Be3 Ke6 18. Rc1 Bd6 19. Ke2 Rhc8 20.
Kd3 1/2-1/2

[Event "13. Sparkassen Open 2014 - Gruppe B"]
[Site "Forchheim"]
[Date "2014.10.05"]
[Round "5.15"]
[White "Siegl, Adrian"]
[Black "Wagner, Robert"]
[Result "1/2-1/2"]
[WhiteElo "1779"]
[BlackElo "1848"]
[PlyCount "55"]
[EventDate "2014.??.??"]

1. f4 e6 2. Nf3 b6 3. b3 Bb7 4. e3 f5 5. Bb2 Nf6 6. Be2 Be7 7. O-O O-O 8. Qe1
Qe8 9. Qg3 Nc6 10. Nc3 Qg6 11. Qxg6 hxg6 12. h4 Ng4 13. Ng5 Nh6 14. Bf3 Nf7 15.
Kf2 Nxg5 16. hxg5 Kf7 17. Rh1 Na5 18. Bxb7 Nxb7 19. Rh3 Bd6 20. Nb5 a6 21.
Nxd6+ Nxd6 22. d3 Rh8 23. Rah1 Rxh3 24. gxh3 Rh8 25. Kg3 Nc8 26. c4 Ne7 27. h4
d6 28. a3 1/2-1/2

[Event "13. Sparkassen Open 2014 - Gruppe B"]
[Site "Forchheim"]
[Date "2014.10.05"]
[Round "5.16"]
[White "Huber, Lukas"]
[Black "Kilian, Markus"]
[Result "1/2-1/2"]
[WhiteElo "1718"]
[BlackElo "2017"]
[PlyCount "67"]
[EventDate "2014.??.??"]

1. e4 d6 2. Nc3 g6 3. f4 Bg7 4. Bc4 c5 5. Nf3 Nc6 6. O-O e6 7. d3 Nge7 8. Ne2
O-O 9. c3 d5 10. Bb3 b5 11. Be3 c4 12. Bc2 Rb8 13. Ned4 b4 14. Nxc6 Nxc6 15.
Ba4 Qc7 16. Bxc6 Qxc6 17. Bxa7 Ra8 18. Bd4 cxd3 19. Bxg7 Kxg7 20. Qxd3 Qc5+ 21.
Qd4+ Qxd4+ 22. cxd4 dxe4 23. Ne5 Bb7 24. Rfc1 Rfc8 25. Rc5 Bd5 26. Kf2 f6 27.
Nd7 Rd8 28. Rc7 Rxa2 29. Nb6+ Kh6 30. Rxa2 Bxa2 31. Ke3 Bd5 32. Nd7 Kg7 33.
Nc5+ Kh6 34. Nd7 1/2-1/2

[Event "13. Sparkassen Open 2014 - Gruppe B"]
[Site "Forchheim"]
[Date "2014.10.05"]
[Round "5.17"]
[White "Bachhuber, Dominik"]
[Black "Vinogradov, Anatoli"]
[Result "1-0"]
[WhiteElo "1915"]
[BlackElo "1802"]
[PlyCount "31"]
[EventDate "2014.??.??"]

1. e4 e6 2. d4 d5 3. Nc3 Nf6 4. Bg5 Be7 5. e5 Nfd7 6. h4 Bxg5 7. hxg5 Qxg5 8.
Nh3 Qe7 9. Qg4 Rg8 10. Nf4 Nf8 11. Nfxd5 Qd8 12. Nf6+ gxf6 13. Qxg8 Qxd4 14.
Rxh7 Qd7 15. Rh8 Qe7 16. exf6 1-0

[Event "13. Sparkassen Open 2014 - Gruppe B"]
[Site "Forchheim"]
[Date "2014.10.05"]
[Round "5.18"]
[White "Großner, Josef"]
[Black "Fieberg, Christoph"]
[Result "0-1"]
[WhiteElo "1607"]
[BlackElo "1912"]
[PlyCount "206"]
[EventDate "2014.??.??"]

1. d4 d5 2. c4 c6 3. Nf3 Nf6 4. Bf4 e6 5. e3 Bd6 6. Bg3 c5 7. Nc3 Bxg3 8. hxg3
cxd4 9. Nxd4 Nc6 10. cxd5 exd5 11. Be2 Qb6 12. Nb3 Be6 13. O-O Rd8 14. Bf3 O-O
15. Qd2 Ne4 16. Qe2 Qb4 17. Rfc1 a6 18. Qe1 f5 19. Be2 Rfe8 20. Nxe4 Qxe1+ 21.
Rxe1 dxe4 22. Nc5 Bc8 23. Red1 Kf8 24. a3 Ke7 25. Kf1 Rd6 26. Rxd6 Kxd6 27. Na4
Re5 28. Rd1+ Kc7 29. Ke1 Be6 30. Nc3 Bb3 31. Rd2 Na5 32. Rd4 b5 33. Bd1 Bc4 34.
Rd2 Bd3 35. b3 Kb6 36. Ne2 g5 37. Nd4 Nc6 38. Nxc6 Kxc6 39. Bc2 Rd5 40. f3 Kc5
41. Bxd3 exd3 42. Rb2 b4 43. a4 f4 44. gxf4 gxf4 45. Kd2 Re5 46. Kxd3 Rxe3+ 47.
Kd2 Kd4 48. Rb1 Rd3+ 49. Kc2 Ke3 50. Re1+ Kf2 51. Kxd3 Kxe1 52. Ke4 Kf2 53.
Kxf4 Kxg2 54. Ke4 h5 55. f4 h4 56. f5 h3 57. f6 h2 58. f7 h1=Q 59. f8=Q Qb1+
60. Kd4 Qb2+ 61. Kc5 Qc3+ 62. Kb6 Qxb3 63. Qa8+ Kf2 64. Ka5 Ke3 65. Qe8+ Kd3
66. Kxa6 Qc4+ 67. Kb6 b3 68. Qg6+ Kc3 69. Qg3+ Kc2 70. Qf2+ Kb1 71. a5 Qb4+ 72.
Ka6 b2 73. Qf5+ Ka2 74. Qf2 Ka1 75. Qf6 Ka2 76. Qf7+ Ka3 77. Qf3+ Qb3 78. Qf8+
Ka2 79. Qf2 Qc4+ 80. Kb6 Ka3 81. Qe3+ Ka4 82. Qe8+ Kb4 83. Qe1+ Kb3 84. Qe3+
Kc2 85. Qf2+ Kc3 86. Qf3+ Qd3 87. Qc6+ Kd2 88. Qg2+ Kc1 89. Qg1+ Kc2 90. Qg2+
Kc3 91. Qc6+ Qc4 92. Qf3+ Kb4 93. Qf8+ Ka4 94. Qe8+ Ka3 95. Qe3+ Ka2 96. Qf2
Qe6+ 97. Kb7 Qd7+ 98. Kb6 Qd6+ 99. Kb7 Ka1 100. Qe1+ b1=Q+ 101. Qxb1+ Kxb1 102.
a6 Qd7+ 103. Kb8 Qb5+ 0-1

[Event "13. Sparkassen Open 2014 - Gruppe B"]
[Site "Forchheim"]
[Date "2014.10.05"]
[Round "5.19"]
[White "Koelbl, Wolfgang"]
[Black "Hoffmann, Sebastian"]
[Result "0-1"]
[WhiteElo "1876"]
[BlackElo "1713"]
[PlyCount "58"]
[EventDate "2014.??.??"]

1. d4 d5 2. Nf3 Nc6 3. c3 Bg4 4. Nbd2 f6 5. e3 e5 6. dxe5 fxe5 7. Qa4 Bd7 8.
Be2 Nd4 9. Qd1 Nxe2 10. Qxe2 e4 11. Ne5 Nf6 12. Nxd7 Qxd7 13. O-O Bd6 14. c4 c6
15. cxd5 cxd5 16. Nb3 Ng4 17. h3 Ne5 18. Bd2 O-O 19. Bc3 Nf3+ 20. Kh1 Rf5 21.
Rfd1 Rh5 22. Qf1 Rf8 23. Nd4 Nh2 24. Qg1 Ng4 25. f4 exf3 26. Nxf3 Rxf3 27. gxf3
Rxh3+ 28. Kg2 Rg3+ 29. Kf1 Qb5+ 0-1

[Event "13. Sparkassen Open 2014 - Gruppe B"]
[Site "Forchheim"]
[Date "2014.10.05"]
[Round "5.20"]
[White "Wiesner, Frank"]
[Black "Schöne, Steffen"]
[Result "0-1"]
[WhiteElo "1980"]
[BlackElo "1723"]
[PlyCount "64"]
[EventDate "2014.??.??"]

1. c4 Nf6 2. Nc3 g6 3. e4 e5 4. d3 Bg7 5. Be2 O-O 6. g4 c6 7. g5 Ne8 8. h4 Na6
9. f4 exf4 10. Bxf4 Nac7 11. Bf3 Ne6 12. Bg3 d6 13. Nge2 Nd4 14. Nxd4 Bxd4 15.
Qd2 Qa5 16. a3 Be6 17. b4 Qd8 18. Ke2 Qd7 19. h5 Bg4 20. Raf1 gxh5 21. Bxg4
Qxg4+ 22. Rf3 Rd8 23. Rh4 Qe6 24. Rxh5 d5 25. cxd5 cxd5 26. g6 hxg6 27. Nxd5
gxh5 28. Qg5+ Ng7 29. Ne7+ Kh7 30. e5 Rde8 31. Nf5 Nxf5 32. Rxf5 Qg6 0-1

[Event "13. Sparkassen Open 2014 - Gruppe B"]
[Site "Forchheim"]
[Date "2014.10.05"]
[Round "5.21"]
[White "Gheng, Dominik"]
[Black "Schlötterer, Hermann"]
[Result "0-1"]
[WhiteElo "1733"]
[BlackElo "1915"]
[PlyCount "130"]
[EventDate "2014.??.??"]

1. e4 Nf6 2. e5 Nd5 3. Bc4 Nb6 4. Bb3 d5 5. d4 Bf5 6. Ne2 e6 7. Ng3 Bg6 8. Nd2
c5 9. c3 Nc6 10. Nf3 cxd4 11. cxd4 Bb4+ 12. Bd2 Qe7 13. a3 Bxd2+ 14. Qxd2 O-O
15. O-O Rac8 16. Rac1 Rc7 17. Bc2 Nc4 18. Qe2 f5 19. Bd3 b5 20. Rfd1 f4 21.
Bxg6 fxg3 22. Bd3 gxh2+ 23. Kxh2 Kh8 24. Kg1 g6 25. g3 Qg7 26. Bxc4 bxc4 27.
Ng5 Qe7 28. f4 Rb8 29. Qh2 Rb3 30. Rd2 Rcb7 31. Rcc2 Re3 32. Qh3 Rbb3 33. Qxe6
Rxg3+ 34. Kh2 Qxe6 35. Nxe6 Ne7 36. Rg2 Rh3+ 37. Kg1 Nf5 38. Ng5 Rhe3 39. Ne6
Nh4 40. Rgf2 Nf3+ 41. Kf1 Re1+ 42. Kg2 Rg1+ 43. Kh3 h5 44. Rc3 Ne1 45. Rxb3
cxb3 46. Nc5 Rh1+ 47. Rh2 Rg1 48. Nxb3 Nd3 49. Rc2 Nxf4+ 50. Kh2 Rg4 51. Rc8+
Kh7 52. Rc7+ Kh6 53. Rxa7 Rg2+ 54. Kh1 Rxb2 55. Nc5 Nh3 56. e6 Ng5 57. Nd3 Rb1+
58. Kg2 Nxe6 59. Ra6 Rd1 60. Ne5 Nf4+ 61. Kg3 Rxd4 62. Rf6 Re4 63. Nf7+ Kg7 64.
Rxf4 Rxf4 65. Kxf4 Kxf7 0-1

[Event "13. Sparkassen Open 2014 - Gruppe B"]
[Site "Forchheim"]
[Date "2014.10.05"]
[Round "5.22"]
[White "Langer, Simon"]
[Black "Scheuerer, Werner"]
[Result "1-0"]
[WhiteElo "1864"]
[BlackElo "1936"]
[PlyCount "59"]
[EventDate "2014.??.??"]

1. d4 f5 2. c4 Nf6 3. Nc3 e6 4. Bg5 Be7 5. Bxf6 Bxf6 6. e4 O-O 7. e5 Be7 8. g3
d5 9. Bg2 c6 10. Nge2 Bg5 11. h4 Bh6 12. f4 Nd7 13. c5 b5 14. b4 Bb7 15. Kf2 a5
16. Qb3 a4 17. Qc2 Qe7 18. Bf3 Ra7 19. Rag1 Bc8 20. Nd1 Nb8 21. Ne3 g6 22. a3
Rc7 23. Rg2 Qf7 24. Qd1 Na6 25. Qg1 Nb8 26. Qh2 Na6 27. Rhg1 Qe8 28. g4 fxg4
29. Nxg4 Bg7 30. h5 1-0

[Event "13. Sparkassen Open 2014 - Gruppe B"]
[Site "Forchheim"]
[Date "2014.10.05"]
[Round "5.23"]
[White "Lais, Thomas"]
[Black "Mantel, Ruben"]
[Result "1-0"]
[WhiteElo "1962"]
[BlackElo "1659"]
[PlyCount "48"]
[EventDate "2014.??.??"]

1. e4 c5 2. Nf3 Nc6 3. d4 cxd4 4. Nxd4 Nf6 5. Nc3 e5 6. Ndb5 d6 7. Bg5 a6 8.
Na3 b5 9. Bxf6 gxf6 10. Nd5 f5 11. c3 Be6 12. exf5 Bxf5 13. Qf3 Bd7 14. Nf6+
Ke7 15. Bd3 Bg7 16. Nd5+ Kf8 17. O-O Kg8 18. Nc2 h5 19. Nce3 Qg5 20. Bf5 Be6
21. Bxe6 fxe6 22. Nc7 Rc8 23. Qxc6 Qe7 24. Ned5 Qf8 1-0

[Event "13. Sparkassen Open 2014 - Gruppe B"]
[Site "Forchheim"]
[Date "2014.10.05"]
[Round "5.24"]
[White "Löllmann, Heinrich"]
[Black "Weißmann, Peter"]
[Result "1-0"]
[WhiteElo "1832"]
[BlackElo "1797"]
[PlyCount "107"]
[EventDate "2014.??.??"]

1. e4 c5 2. Nf3 Nc6 3. c4 g6 4. d4 cxd4 5. Nxd4 Bg7 6. Be3 Nf6 7. Nc3 d6 8. Be2
O-O 9. O-O Bd7 10. Rb1 Nxd4 11. Bxd4 Bc6 12. f3 Nd7 13. Bxg7 Kxg7 14. Qd2 Qb6+
15. Kh1 f5 16. exf5 Rxf5 17. Bd3 Rf7 18. b3 Qd4 19. Ne2 Qf6 20. Bc2 Rd8 21.
Rbe1 e5 22. Ng3 Qe7 23. Rd1 Nc5 24. b4 Ne6 25. b5 Be8 26. Be4 Nc5 27. Bd5 Rf4
28. Rfe1 Qf6 29. Qa5 Rd7 30. Qxa7 g5 31. Ne4 Nxe4 32. Rxe4 Bf7 33. Qe3 Bxd5 34.
Rxd5 Rc7 35. Rxf4 Qxf4 36. Qxf4 gxf4 37. Rxd6 Rxc4 38. h3 Rc1+ 39. Kh2 Rc2 40.
a4 Ra2 41. Re6 Rxa4 42. Rxe5 Kf6 43. Rc5 Rb4 44. h4 Ke6 45. Kh3 Kd6 46. Rh5 b6
47. Kg4 Rb2 48. Kxf4 Rxg2 49. Rxh7 Rc2 50. Rh5 Rc4+ 51. Kg3 Rc3 52. Rf5 Rc4 53.
f4 Rc3+ 54. Kg4 1-0

[Event "13. Sparkassen Open 2014 - Gruppe B"]
[Site "Forchheim"]
[Date "2014.10.05"]
[Round "5.25"]
[White "Krenz, Sarah"]
[Black "Mantel, Hubert"]
[Result "1/2-1/2"]
[WhiteElo "1992"]
[BlackElo "1653"]
[PlyCount "35"]
[EventDate "2014.??.??"]

1. d4 e6 2. Nf3 d5 3. c4 c6 4. Qc2 f5 5. g3 Nf6 6. Bg2 Bd6 7. O-O O-O 8. e3 Ne4
9. Nbd2 Nd7 10. b3 Qe8 11. Bb2 Qh5 12. Ne5 Ndf6 13. Ndf3 g5 14. Nd3 Ng4 15. Bc1
Rf6 16. h3 Rh6 17. Nfe5 Ngf6 18. Qd1 1/2-1/2

[Event "13. Sparkassen Open 2014 - Gruppe B"]
[Site "Forchheim"]
[Date "2014.10.05"]
[Round "5.26"]
[White "Volkovski, Reinhold"]
[Black "Gebhardt, Christian"]
[Result "1/2-1/2"]
[WhiteElo "1726"]
[BlackElo "1845"]
[PlyCount "41"]
[EventDate "2014.??.??"]

1. e4 e6 2. d3 d5 3. Nd2 Nf6 4. c3 Be7 5. Ngf3 O-O 6. Be2 b6 7. Qc2 Ba6 8. O-O
c5 9. Re1 Nc6 10. Nf1 Qc7 11. Bd2 Rfd8 12. Rad1 Rd7 13. Bc1 Rad8 14. Ng3 dxe4
15. dxe4 Bxe2 16. Qxe2 Rxd1 17. Rxd1 Rxd1+ 18. Qxd1 Qd6 19. Qe2 Nd7 20. Qd2 c4
21. Nd4 1/2-1/2

[Event "13. Sparkassen Open 2014 - Gruppe B"]
[Site "Forchheim"]
[Date "2014.10.05"]
[Round "5.27"]
[White "Effenberg, Michael"]
[Black "Rierl, Klaus"]
[Result "1/2-1/2"]
[WhiteElo "1653"]
[BlackElo "1793"]
[PlyCount "66"]
[EventDate "2014.??.??"]

1. d4 d5 2. c4 e6 3. Nc3 Nf6 4. Nf3 Be7 5. e3 O-O 6. Bd3 Nbd7 7. O-O a6 8. Re1
dxc4 9. Bxc4 b5 10. Bb3 c5 11. d5 exd5 12. Nxd5 Bb7 13. Nxe7+ Qxe7 14. e4 Rad8
15. Bg5 Ne5 16. Bd5 Bxd5 17. exd5 Nxf3+ 18. Qxf3 Qd6 19. Bxf6 Qxf6 20. Qxf6
gxf6 21. Rad1 c4 22. d6 Rfe8 23. Rxe8+ Rxe8 24. d7 Rd8 25. Kf1 Kf8 26. Rd6 Ke7
27. Rxa6 Rxd7 28. Ke2 Rd5 29. Rc6 Rh5 30. a4 bxa4 31. Rxc4 Rxh2 32. Rxa4 Rxg2
33. Rh4 Rg5 1/2-1/2

[Event "13. Sparkassen Open 2014 - Gruppe B"]
[Site "Forchheim"]
[Date "2014.10.05"]
[Round "5.28"]
[White "Semenova, Alisa"]
[Black "Rieck, Timo"]
[Result "1-0"]
[WhiteElo "1607"]
[BlackElo "1760"]
[PlyCount "121"]
[EventDate "2014.??.??"]

1. e4 c5 2. Nc3 Nc6 3. g3 g6 4. Bg2 Bg7 5. d3 e6 6. Be3 d6 7. Qd2 Nge7 8. Bh6
O-O 9. h4 f5 10. h5 Qe8 11. Nb5 fxe4 12. Nxd6 e3 13. Bxe3 Qd7 14. Bxc5 b6 15.
Ba3 Bd4 16. Nf3 Bxb2 17. Bxb2 Qxd6 18. Qc3 Qb4 19. Qxb4 Nxb4 20. Nd4 Rb8 21. a3
Nbd5 22. c4 Nf6 23. hxg6 Nxg6 24. Bh3 Ne5 25. Ke2 Bb7 26. Bxe6+ Kh8 27. Rhc1
Rbe8 28. f4 Ned7 29. Kd2 Nc5 30. Re1 h5 31. a4 a5 32. Ba3 Nxe6 33. Nxe6 Rf7 34.
Ng5 Rc7 35. Bb2 Rf8 36. Ne6 Rcf7 37. Nxf8 Rxf8 38. Re6 Kg7 39. Rxb6 Bf3 40. Re1
Bg4 41. Re7+ Kg6 42. Rxf6+ Rxf6 43. Bxf6 Kxf6 44. Ra7 Bf3 45. Rxa5 Kg6 46. Rc5
Kf6 47. a5 Ke6 48. a6 Kd6 49. d4 Ba8 50. f5 Ke7 51. d5 Kd7 52. f6 h4 53. gxh4
Bxd5 54. cxd5 Kd8 55. a7 Kd7 56. Rc6 Ke8 57. a8=Q+ Kf7 58. Qc8 Kg6 59. Qg4+ Kh7
60. Rc7+ Kh8 61. Qg7# 1-0

[Event "13. Sparkassen Open 2014 - Gruppe B"]
[Site "Forchheim"]
[Date "2014.10.05"]
[Round "5.30"]
[White "Li, Simon"]
[Black "Rosenhain, Thomas"]
[Result "1/2-1/2"]
[WhiteElo "1814"]
[BlackElo "1621"]
[PlyCount "70"]
[EventDate "2014.??.??"]

1. e4 c5 2. Nf3 e6 3. d4 cxd4 4. Nxd4 Nc6 5. Nc3 a6 6. Be3 Bb4 7. Qd2 Nf6 8. f3
d5 9. O-O-O Qa5 10. Nb3 Qc7 11. a3 Bxc3 12. Qxc3 O-O 13. Bg5 dxe4 14. Bxf6 Qf4+
15. Kb1 Qxf6 16. Qxf6 gxf6 17. fxe4 b6 18. Rd6 Bb7 19. Rd7 Rab8 20. Be2 Ne5 21.
Rd4 Nc6 22. Rd6 Rfd8 23. Rhd1 Rxd6 24. Rxd6 Rd8 25. Rxd8+ Nxd8 26. Bf3 e5 27.
c4 Ne6 28. Kc2 Kf8 29. Kc3 Ke7 30. Kb4 Kd6 31. a4 a5+ 32. Kb5 Kc7 33. c5 Bc6+
34. Ka6 Bb7+ 35. Kb5 Bc6+ 1/2-1/2

[Event "13. Sparkassen Open 2014 - Gruppe B"]
[Site "Forchheim"]
[Date "2014.10.05"]
[Round "5.31"]
[White "Meckel, Helmut"]
[Black "Meth, Matthias"]
[Result "1-0"]
[WhiteElo "1832"]
[BlackElo "1504"]
[PlyCount "61"]
[EventDate "2014.??.??"]

1. e4 c6 2. d4 d5 3. Nc3 dxe4 4. Nxe4 Bf5 5. Ng3 Bg6 6. h4 h6 7. Nf3 Nd7 8. h5
Bh7 9. Bc4 e6 10. Bf4 Ne7 11. Qe2 Nd5 12. Be5 Nxe5 13. Nxe5 Be7 14. Bxd5 Qa5+
15. c3 Qxd5 16. Kf1 O-O 17. b3 a5 18. Rd1 Qd8 19. Ne4 Qc7 20. Rh3 Rad8 21. Rg3
Kh8 22. Qg4 Bg5 23. Nxg5 hxg5 24. Qxg5 Rg8 25. Qf4 Rd7 26. Rf3 Rf8 27. Nxd7
Qxd7 28. Re1 b5 29. h6 Bg6 30. hxg7+ Kxg7 31. Qf6+ 1-0

[Event "13. Sparkassen Open 2014 - Gruppe B"]
[Site "Forchheim"]
[Date "2014.10.05"]
[Round "5.32"]
[White "Bauschke, Norman"]
[Black "Bauer-Debor, T."]
[Result "0-1"]
[WhiteElo "1623"]
[BlackElo "1738"]
[PlyCount "120"]
[EventDate "2014.??.??"]

1. d4 c5 2. d5 d6 3. c4 e5 4. e4 Be7 5. Nc3 Bg5 6. Bxg5 Qxg5 7. Nf3 Qd8 8. Be2
Nf6 9. Qa4+ Bd7 10. Qb3 b6 11. h3 O-O 12. O-O Ne8 13. Bd3 Qf6 14. Qd1 Qh6 15.
h4 f5 16. exf5 Bxf5 17. Bxf5 Rxf5 18. Ne4 g6 19. Neg5 Nf6 20. Qd3 Nbd7 21. g3
Re8 22. Rfe1 Qh5 23. Kg2 h6 24. Ne4 Nxe4 25. Rxe4 Nf6 26. Kh3 Rxf3 27. Re3 Rxe3
28. Qxe3 Qf5+ 29. Kg2 h5 30. Qe2 Rf8 31. f3 e4 32. Rf1 exf3+ 33. Rxf3 Qe4 34.
Qxe4 Nxe4 35. Re3 Re8 36. Ra3 Re7 37. Re3 Kg7 38. Re2 Kf7 39. Kf3 Nf6 40. Rd2
Ng4 41. Kf4 Re5 42. a3 Rf5+ 43. Ke4 Rf2 44. Rd3 Rxb2 45. Rf3+ Kg7 46. Rc3 Rd2
47. Kf4 Rd4+ 48. Kf3 Ne5+ 49. Kg2 Nxc4 50. a4 a6 51. Kf2 b5 52. axb5 axb5 53.
Rb3 b4 54. Rb1 Rxd5 55. Rc1 Ne5 56. Ra1 b3 57. Ra7+ Kh6 58. Ra8 c4 59. Rh8+ Kg7
60. Rb8 Nd3+ 0-1